Open Data Biblioteca Nacional de Portugal


República Portuguesa: Ministério da Cultura
Biblioteca Nacional de Portugal

Catálogo da BNP: acesso por Identificadores Unívocos
Registos Bibliográficos associados ao registo de autoridade

Etiqueta de registo: 00254nam 2200025 450
001 2286416
003 http://id.bnportugal.gov.pt/bib/catbnp/2286416
010 ## $a978-989-35287-7-8
021 ## $aPT$b532247/24
100 ## $a20260515d2024 m y0pory01030103ba
101 0# $apor
102 ## $aPT
105 ## $aa z 000yy
106 ## $ar
200 1# $aMatematicAtiva$eaprender matemática de forma ativa$eatividade física e jogos lúdicos para conteúdos de matemática do 2º ano - 1º ciclo$fLiliana Ramos, Vera Simões, Susana Franco$gil. Mariana Vaz$gpref. Carlos Neto
210 #9 $a[S.l.]$cInstituto Politécnico de Santarém - Escola Superior de Desporto de Rio Maior,$d2024
215 ## $a111 p.$cil.$d21 cm
675 ## $a51(072)$vBN$zpor$31253070
675 ## $a796.1/.3(072)$vBN$zpor$31729259
700 #1 $92$aRamos,$bLiliana$31728894
701 #1 $aSimões,$bVera,$f1980-$4070$31408068
701 #1 $aFranco,$bSusana$4070$3940872
702 #1 $aNeto,$bCarlos,$f1951-$4080$3665052
702 #1 $aVaz,$bMariana$4440$31998550
801 #0 $aPT$bBN$gRPC
856 41 $uhttp://rnod.bnportugal.gov.pt/ImagesBN/winlibimg.aspx?skey=&doc=2286416&img=223795&save=true
966 ## $lBN$mFGMON$sS.A. 194153 V.$x1
966 ## $lBN$mFGMON$sS.A. 194153 V.-D$x1
971 ## $cisantos$d20260515
973 ## $csteixeira$d20260626

OpendataBNP@bnportugal.pt | Mais informação sobre acesso aos dados BNP